<?xml version="1.0" encoding="UTF-8"?><?xml-stylesheet type="text/xsl" href="static/style.xsl"?><OAI-PMH xmlns="http://www.openarchives.org/OAI/2.0/" xmlns:xsi="http://www.w3.org/2001/XMLSchema-instance" xsi:schemaLocation="http://www.openarchives.org/OAI/2.0/ http://www.openarchives.org/OAI/2.0/OAI-PMH.xsd"><responseDate>2026-04-27T22:05:36Z</responseDate><request verb="GetRecord" identifier="oai:uvadoc.uva.es:10324/48101" metadataPrefix="marc">https://uvadoc.uva.es/oai/request</request><GetRecord><record><header><identifier>oai:uvadoc.uva.es:10324/48101</identifier><datestamp>2021-08-26T20:50:59Z</datestamp><setSpec>com_10324_38</setSpec><setSpec>col_10324_852</setSpec></header><metadata><record xmlns="http://www.loc.gov/MARC21/slim" xmlns:doc="http://www.lyncode.com/xoai" xmlns:xsi="http://www.w3.org/2001/XMLSchema-instance" xmlns:dcterms="http://purl.org/dc/terms/" xsi:schemaLocation="http://www.loc.gov/MARC21/slim http://www.loc.gov/standards/marcxml/schema/MARC21slim.xsd">
<leader>00925njm 22002777a 4500</leader>
<datafield tag="042" ind1=" " ind2=" ">
<subfield code="a">dc</subfield>
</datafield>
<datafield tag="720" ind1=" " ind2=" ">
<subfield code="a">Bailador Barrios, Andrea</subfield>
<subfield code="e">author</subfield>
</datafield>
<datafield tag="260" ind1=" " ind2=" ">
<subfield code="c">2021</subfield>
</datafield>
<datafield tag="520" ind1=" " ind2=" ">
<subfield code="a">La finalidad de este proyecto es realizar una propuesta de Especialidad Formativa en &#xd;
la formación no reglada española para solucionar la carencia descubierta, a través del análisis &#xd;
de varios documentos especializados, de la inexistencia de una formación especializada en &#xd;
logística de Última Milla. &#xd;
Con este documento se pretende incorporar en la oferta formativa existente una &#xd;
formación en boga en las actividades logísticas y de movilidad y, quizás, promover la &#xd;
renovación de formaciones profesionales para así mejorar el área empresarial e industrial del &#xd;
país, poniéndose a la vanguardia de las tecnologías 4.0.</subfield>
</datafield>
<datafield tag="024" ind2=" " ind1="8">
<subfield code="a">https://uvadoc.uva.es/handle/10324/48101</subfield>
</datafield>
<datafield ind1=" " ind2=" " tag="653">
<subfield code="a">Logística (organización)</subfield>
</datafield>
<datafield tag="245" ind1="0" ind2="0">
<subfield code="a">Actividades y acciones en la logística de última milla: propuesta de especialidad formativa</subfield>
</datafield>
</record></metadata></record></GetRecord></OAI-PMH>